Foreign currency translation by United States multinational corporations : toward a theory of accounting standard selection /

Bibliographic Details
Main Author: Gray, Dahli, (Author)
Format: eBook
Language:English
Published: London, [England] ; New York, New York : Routledge, 2017.
Series:Routledge Library Editions: Multinationals ; Volume 3
Subjects:
Online Access:Click to View
LEADER 02177nam a2200457 i 4500
001 EBC4799901
003 MiAaPQ
005 20200520144314.0
006 m o d |
007 cr cnu||||||||
008 170217t20172017enka ob 001 0 eng d
020 |z 9781138280953 
020 |a 9781351985024 (e-book) 
035 |a (MiAaPQ)EBC4799901 
035 |a (Au-PeEL)EBL4799901 
035 |a (CaPaEBR)ebr11338004 
035 |a (CaONFJC)MIL991338 
035 |a (OCoLC)972289860 
040 |a MiAaPQ  |b eng  |e rda  |e pn  |c MiAaPQ  |d MiAaPQ 
043 |a n-us--- 
050 4 |a HG3853.7  |b .G739 2017 
082 0 |a 657.96  |2 23 
100 1 |a Gray, Dahli,  |e author. 
245 1 0 |a Foreign currency translation by United States multinational corporations :  |b toward a theory of accounting standard selection /  |c Dahli Gray. 
264 1 |a London, [England] ;  |a New York, New York :  |b Routledge,  |c 2017. 
264 4 |c 2017 
300 |a 1 online resource (167 pages) :  |b illustrations, tables. 
336 |a text  |2 rdacontent 
337 |a computer  |2 rdamedia 
338 |a online resource  |2 rdacarrier 
490 0 |a Routledge Library Editions: Multinationals ;  |v Volume 3 
504 |a Includes bibliographical references and index. 
588 |a Description based on online resource; title from PDF title page (ebrary, viewed February 16, 2017). 
590 |a Electronic reproduction. Ann Arbor, MI : ProQuest, 2016. Available via World Wide Web. Access may be limited to ProQuest affiliated libraries. 
650 0 |a Foreign exchange  |x Accounting  |x Standards  |z United States. 
650 0 |a International business enterprises  |x Accounting  |x Standards. 
650 0 |a Financial statements  |x Standards  |z United States. 
655 4 |a Electronic books. 
776 0 8 |i Print version:  |a Gray, Dahli.  |t Foreign currency translation by United States multinational corporations : toward a theory of accounting standard selection.  |d London, [England] ; New York, New York : Routledge, c2017   |h 143 pages   |k Routledge Library Editions: Multinationals ; Volume 3   |z 9781138280953 
797 2 |a ProQuest (Firm) 
856 4 0 |u https://ebookcentral.proquest.com/lib/matrademy/detail.action?docID=4799901  |z Click to View